Gyilkosság más nevében : detektívregény /

Hlavní autor: Zábrana, Jan, 1931-1984
Jazyk: Maďarština
Vydáno: Bratislava : Madách Könyvkiadó, 1968
Vydání: 1. kiadás
Fyzický popis: 307 s. ; 8°
Knihy
Uloženo v:
LEADER 00866nam a22002532a 4500
001 000941780
003 CZ BrMZK
005 20090922072759.0
007 ta
008 090528s1968 xo er hun d
040 |a ABA001  |b cze  |c ABA001  |d ABA001 
041 1 |a hun  |h cze 
100 1 |a Zábrana, Jan,  |d 1931-1984  |7 jz8001457  |4 aut 
245 1 0 |a Gyilkosság más nevében :  |b detektívregény /  |c Jan Zábrana ; [fordította Várhegyi Péter] 
250 |a 1. kiadás 
260 |a Bratislava :  |b Madách Könyvkiadó,  |c 1968 
300 |a 307 s. ;  |c 8° 
500 |a Spoluvyd. Móra Ferenc Ifjúsági Könyvkiadó, Budapest 
500 |a Přeloženo z češtiny 
765 0 |t Vražda v zastoupení  |9 Maďarsky 
910 |a BOA001  |b 1-0615.055 
990 |a BK 
991 |b 200905 
996 7 |b 2619484778  |c 1-0615.055  |l MZK  |r Sklad / do 1 hodiny  |n 0  |w 000941780  |u 000010  |a 1  |e BOA001  |j MZK50  |s A